| 000 | 01517 a2200205 4500 | ||
|---|---|---|---|
| 001 | 48537 | ||
| 005 | 20260407155749.0 | ||
| 008 | 260407a1997 arg spa d | ||
| 003 | AR-UNSa-BCEJYS | ||
| 040 |
_aAR-UNSa-BCEJYS _bspa _cAR-UNSa-BCEJYS |
||
| 080 |
_a336.225 _xMétodo de tributación y administración de impuestos |
||
| 245 | 1 | 0 | _aLímites al accionar de la inspección tributaria y derechos del administrado |
| 020 | _a950-14-0924-4 | ||
| 264 | 1 |
_aBuenos Aires : _bEdiciones Depalma _c1997 |
|
| 300 |
_a180 p. _c23 cm. |
||
| 505 | _a1. Principios de supervivencia del administrativo - 2.A. Diferencia del "thema probandum" - 2.B. El accionar de la inspección administrativa y la "noticia criminis" - 2.C. Desarmonía procesal violatoria de los derechos de los administrados - 3. Fuentes del derecho de procedimiento de la inspección - 4. Contenido de las atribuciones de la inspección tributaria - 5. ¿ Qué contiene un acta de comprobación' - 6. El llamado principio de unicidad - 7. Cláusulas preventivas de establecimientos por parte de funcionarios fiscales - 8. Penuria y crisis del proceso penal tributario - 10. Vicisitudes de los procesos penales tributarios - 11. Limites procesales a observar - 12. Límites del accionar administrativo de la inspección tributaria existiendo causa penal tributaria en trámite - 13. Acerca del "Non Bis in Idem" - 14. Conceptos finales a tener presentes. | ||
| 942 | _cBK | ||
| 590 | _aniveau_biblio:m niveau_hierar:0 | ||
| 100 | 1 | _aDíaz, Vicente Oscar | |
| 999 |
_c4605 _d4605 |
||